| 000 | 00855nam a22002417a 4500 | ||
|---|---|---|---|
| 005 | 20170724115524.0 | ||
| 010 | _aB-504921-935 | ||
| 020 |
_a9780230764309 _c599.00 |
||
| 020 |
_a9780230764309 _c499.00 (AV) |
||
| 035 | _aB-504921-935 | ||
| 037 | _bUBH/Ven | ||
| 037 |
_bAakar _adpl |
||
| 082 | _a909 | ||
| 100 | _aMarr, Andrew | ||
| 245 |
_aA history of the world / _cby Andrew Marr |
||
| 260 |
_aLondon _bMacmillan _cc2012 |
||
| 270 |
_aPan Macmillan, 20 New Wharf Road _bLondon _eN1 9RR |
||
| 300 |
_axxii,614p. _bcol.ill. _c23cm(pbk). |
||
| 500 | _aIt include index | ||
| 942 |
_2ddc _cEN _mMAR _h909 |
||
| 999 |
_c74400 _d74400 |
||